MICROBIOLOGIA ORAL (Registro nro. 38028)
[ vista simple ]
| 000 -LEADER | |
|---|---|
| fixed length control field | 00469nam a2200169 a 4500 |
| 001 - CONTROL NUMBER | |
| control field | 38028 |
| 005 - DATE AND TIME OF LATEST TRANSACTION | |
| control field | 20180714011154.0 |
| 008 - FIXED-LENGTH DATA ELEMENTS--GENERAL INFORMATION | |
| fixed length control field | 140415s1997 000 0 spa d |
| 020 ## - INTERNATIONAL STANDARD BOOK NUMBER | |
| International Standard Book Number | 9701013239 |
| 041 ## - LANGUAGE CODE | |
| Language code of text/sound track or separate title | spa |
| 082 ## - DEWEY DECIMAL CLASSIFICATION NUMBER | |
| Classification number | 617.632 |
| Item number | LIE |
| 100 1# - MAIN ENTRY--PERSONAL NAME | |
| Personal name | LIEBANA UREÑA, JOSE |
| 245 10 - TITLE STATEMENT | |
| Title | MICROBIOLOGIA ORAL |
| 260 ## - PUBLICATION, DISTRIBUTION, ETC. | |
| Place of publication, distribution, etc. | [s.l.] : |
| Name of publisher, distributor, etc. | MCGRAW-HILL INTERAMERICANA EDITORES, |
| Date of publication, distribution, etc. | 1997 |
| 300 ## - PHYSICAL DESCRIPTION | |
| Extent | 565 |
| 650 14 - SUBJECT ADDED ENTRY--TOPICAL TERM | |
| Topical term or geographic name entry element | BACTERIOLOGIA DE LA BOCA |
| General subdivision | MICROBIOLOGIA |
| Withdrawn status | Lost status | Source of classification or shelving scheme | Damaged status | Not for loan | Collection code | Home library | Current library | Shelving location | Date acquired | Source of acquisition | Inventory number | Total Checkouts | Full call number | Barcode | Date last seen | Price effective from | Koha item type | Date last checked out | Total Renewals |
|---|---|---|---|---|---|---|---|---|---|---|---|---|---|---|---|---|---|---|---|
| Dewey Decimal Classification | General | Biblioteca Karol Wojtyla | Biblioteca Karol Wojtyla | Sala general | 03/12/2013 | Compra | 151000000000000000008044 | 617.632 LIE 1997 | 57144 | 05/01/2026 | 15/01/2015 | Reserva permanente | |||||||
| Dewey Decimal Classification | General | Biblioteca Karol Wojtyla | Biblioteca Karol Wojtyla | Sala general | 03/12/2013 | Compra | 151000000000000000008047 | 617.632 LIE 1997 | 57148 | 05/01/2026 | 15/01/2015 | Libro | |||||||
| Dewey Decimal Classification | General | Biblioteca Karol Wojtyla | Biblioteca Karol Wojtyla | Sala general | 03/12/2013 | Compra | 151000000000000000008048 | 617.632 LIE 1997 | 57147 | 05/01/2026 | 15/01/2015 | Libro | 04/07/2014 | ||||||
| Dewey Decimal Classification | General | Biblioteca Karol Wojtyla | Biblioteca Karol Wojtyla | Sala general | 03/12/2013 | Compra | 151000000000000000008046 | 617.632 LIE 1997 | 57146 | 05/01/2026 | 15/01/2015 | Libro | 29/04/2015 | ||||||
| Dewey Decimal Classification | General | Biblioteca Karol Wojtyla | Biblioteca Karol Wojtyla | Sala general | 03/12/2013 | Compra | 151000000000000000008043 | 1 | 617.632 LIE | 56805 | 05/01/2026 | 03/12/2013 | Libro | 05/09/2019 | 1 | ||||
| Dewey Decimal Classification | General | Biblioteca Karol Wojtyla | Biblioteca Karol Wojtyla | Sala general | 03/12/2013 | Compra | 151000000000000000008045 | 3 | 617.632 LIE 1997 | 57145 | 05/01/2026 | 15/01/2015 | Libro | 07/02/2025 |